Biblioteca

Luz del mundo, sal de la tierra (Registro nro. 51825)

Detalles MARC
000 -LÍDER
Campo fijo de descripción fija 01020aab a2200217 i 4500
001 - NÚMERO DE CONTROL
Campo de control 768714001
003 - IDENTIFICADOR DEL NÚMERO DE CONTROL
Campo de control CO-MdFUSB
005 - FECHA Y HORA DE LA ULTIMA TRANSACCIÓN
control field 20250730124010.0
008 - ELEMENTOS DE LONGITUD FIJA -- INFORMACIÓN GENERAL
Campo fijo de descripción fija -- Información general 240403t1989 ag ||||| |||| 00| 0 spa d
040 ## - FUENTE DE CATALOGACIÓN
Idioma de catalogación spa
Agencia que realiza la transcripción CO-MdFUSB
041 ## - CÓDIGO DE IDIOMA
Código de idioma para texto/pista de sonido o título separado spa
100 1# - ASIENTO PRINCIPAL--NOMBRE PERSONAL
Nombre personal Padilla, C. René
Término relacionador autor
245 10 - TÍTULO
Título Luz del mundo, sal de la tierra
Mención de responsabilidad / C. René Padilla
246 ## - FORMA VARIANTE DEL TITULO
Título propiamente dicho/forma breve del título Sal del mundo, luz de la tierra
300 ## - DESCRIPCIÓN FÍSICA
Extensión Volumen 8, número 2, (junio, 1989), páginas: 4 - 5
Dimensiones ; 27 cm
520 ## - NOTA DE RESUMEN, ETC.
Nota de sumario, etc. La historia de la iglesia abunda en ilustraciones de la contribución de los cristianos a la solución de problemas sociales.<br/>Es hora de que los evangélicos latinoamericanos tomemos conciencia de este hermoso legado del pasado y nos comprometamos de lleno en la lucha por la justicia a lo largo y a lo ancho de nuestro afligida América.
650 #0 - ASIENTO SECUNDARIO DE MATERIA - TERMINO TEMÁTICO
Término temático o nombre geográfico como elemento de entrada Evangelización
9 (RLIN) 362
773 0# - ASIENTO DE ITEM FUENTE
Título Iglesia y Misión
Biblionumber 49402
Itemnumber 59672
Parte(s) relacionada(s) / Volumen., número. (mes año), páginas Volumen 8, número 2, (junio, 1989), páginas: 4 - 5
Enumeración y primera página páginas: 4
942 ## - TIPO DE MATERIAL (KOHA)
Tipo de Item KOHA Artículos de Revista
945 ## - INFORMACIÓN LOCAL DEL REGISTRO
Catalogador JTF-925

No hay ítems disponibles.

Biblioteca FUSBC | Teléfono: (57+4) 349 88 10 Ext. 141| WhatsApp (+57) 3005338115 
E-mail: biblioteca@unisbc.edu.co | Calle 76 87-14 Robledo Palenque, Medellín, Colombia

Con tecnología Koha